Guess The Brand! #49 - Statistics

General Stats
  • This quiz has been taken 27 times
  • The average score is 15 of 30
Answer Stats
Picture Answer % Correct
American Idol
80%
Space Jam
80%
The X Files
80%
Green Day
75%
Thomas & Friends
65%
5 Hour Energy
60%
A1
60%
Candyland
60%
Jeopardy
60%
Letgo
60%
My Chemical Romance
60%
Cabbage Patch Kids
55%
Charmin
55%
The Fairly Odd Parents
55%
Caillou
50%
Jose Cuervo
50%
Bates Motel
45%
DK
45%
Osmosis Jones
45%
Destiny
35%
I Spy
35%
Recess
35%
Zumiez
35%
Ouija
30%
AbeBooks
25%
Eva Air
25%
Oswald The Lucky Rabbit
25%
Smithsonian
25%
Child Of Light
20%
Kaiser Permanente
20%
No matching quizzes found
Score Distribution
Percent of People with Each Score
Percentile by Number Answered
Your Score History
You have not taken this quiz